[Event "BdF-Diamant 07 email"]
[Site "GER email"]
[Date "2016.06.26"]
[Round "?"]
[White "Dmitrieva, Galina Vladimirovna"]
[Black "Hugo, Thomas"]
[Result "1/2-1/2"]
[WhiteElo "2359"]
[BlackElo "2248"]
[PlyCount "43"]
[EventDate "2016.??.??"]
[EventType "tourn (corr)"]
[EventRounds "15"]
[EventCountry "GER"]
[SourceTitle "Corr 2017"]
[Source "ChessBase"]
[SourceDate "2017.09.19"]
[SourceVersion "1"]
[SourceVersionDate "2017.09.19"]
[SourceQuality "1"]

1. e4 c5 2. Nf3 Nc6 3. Nc3 e5 4. Bc4 g6 5. d3 h6 6. 0-0 Bg7 7. a3 Nge7 8. b4 d6 9. Rb1 0-0 10. Nd5 Nxd5 11. Bxd5 Ne7 12. Bb3 b6 13. Re1 Kh7 14. h3 Qc7 15. Qe2 Bb7 16. bxc5 bxc5 17. h4 Kh8 18. Bd2 f5 19. Bc4 Rae8 20. Ba5 Qc8 21. h5 g5 22. Be6 1/2-1/2

[Event "BdF-Diamant 07 email"]
[Site "GER email"]
[Date "2016.06.26"]
[Round "?"]
[White "Hugo, Thomas"]
[Black "Sherwood, Helen"]
[Result "1/2-1/2"]
[WhiteElo "2248"]
[BlackElo "2343"]
[PlyCount "77"]
[EventDate "2016.??.??"]
[EventType "tourn (corr)"]
[EventRounds "15"]
[EventCountry "GER"]
[SourceTitle "Corr 2017"]
[Source "ChessBase"]
[SourceDate "2017.09.19"]
[SourceVersion "1"]
[SourceVersionDate "2017.09.19"]
[SourceQuality "1"]

1. d4 Nf6 2. Bf4 d5 3. e3 c5 4. c3 Nc6 5. Nd2 Bf5 6. Ngf3 Qb6 7. Qc1 e6 8. Nh4 Bg6 9. Nxg6 hxg6 10. Be2 Nh5 11. Bxh5 Rxh5 12. 0-0 Be7 13. Nf3 Kf8 14. h3 Rc8 15. Qd2 cxd4 16. exd4 Kg8 17. Rfe1 Qd8 18. Qd3 a6 19. Bh2 Bf6 20. Re3 Qe8 21. Rae1 Qd8 22. Qe2 Rh8 23. Ne5 Nxe5 24. Bxe5 Bg5 25. Rg3 f6 26. f4 Bh6 27. Rxg6 Qe8 28. Qg4 Kh7 29. Rxh6+ Kxh6 30. Bd6 f5 31. Qd1 Kg6 32. Re3 Kf7 33. Rg3 Qb5 34. Be5 Rh7 35. Qc2 Qc4 36. a3 Qc6 37. Rg5 b5 38. Qd3 g6 39. Qg3 1/2-1/2

[Event "BdF-Diamant 07 email"]
[Site "GER email"]
[Date "2016.06.26"]
[Round "?"]
[White "Koch, Hans Georg"]
[Black "Hugo, Thomas"]
[Result "1/2-1/2"]
[WhiteElo "2292"]
[BlackElo "2248"]
[PlyCount "32"]
[EventDate "2016.??.??"]
[EventType "tourn (corr)"]
[EventRounds "15"]
[EventCountry "GER"]
[SourceTitle "Corr 2017"]
[Source "ChessBase"]
[SourceDate "2017.09.19"]
[SourceVersion "1"]
[SourceVersionDate "2017.09.19"]
[SourceQuality "1"]

1. c4 c5 2. g3 Nc6 3. Bg2 g6 4. Nc3 Bg7 5. Nf3 e5 6. 0-0 d6 7. a3 a5 8. Ne1 Be6 9. d3 Nge7 10. Nc2 d5 11. cxd5 Nxd5 12. Ne3 Nb6 13. Na4 Nxa4 14. Bxc6+ bxc6 15. Qxa4 0-0 16. Qxc6 Qd4 1/2-1/2

[Event "BdF-Diamant 07 email"]
[Site "GER email"]
[Date "2016.06.26"]
[Round "?"]
[White "Vecek, Marjan"]
[Black "Hugo, Thomas"]
[Result "1/2-1/2"]
[WhiteElo "2320"]
[BlackElo "2248"]
[PlyCount "30"]
[EventDate "2016.??.??"]
[EventType "tourn (corr)"]
[EventRounds "15"]
[EventCountry "GER"]
[SourceTitle "Corr 2017"]
[Source "ChessBase"]
[SourceDate "2017.09.19"]
[SourceVersion "1"]
[SourceVersionDate "2017.09.19"]
[SourceQuality "1"]

1. c4 c5 2. Nc3 Nc6 3. g3 g6 4. Bg2 Bg7 5. d3 d6 6. a3 a5 7. e3 e5 8. Nge2 Nge7 9. 0-0 0-0 10. Rb1 Rb8 11. Bd2 Be6 12. Qa4 d5 13. cxd5 Nxd5 14. Nxd5 Bxd5 15. Bxa5 Nxa5 1/2-1/2

[Event "BdF-Diamant 07 email"]
[Site "GER email"]
[Date "2016.06.26"]
[Round "?"]
[White "Zhak, Oksana Nikolaevna"]
[Black "Hugo, Thomas"]
[Result "1/2-1/2"]
[WhiteElo "2331"]
[BlackElo "2248"]
[PlyCount "113"]
[EventDate "2016.??.??"]
[EventType "tourn (corr)"]
[EventRounds "15"]
[EventCountry "GER"]
[SourceTitle "Corr 2020"]
[Source "ChessBase"]
[SourceDate "2019.09.30"]
[SourceVersion "1"]
[SourceVersionDate "2019.09.30"]
[SourceQuality "1"]

1. d4 f5 2. g3 Nf6 3. Bg2 g6 4. Nf3 Bg7 5. 0-0 0-0 6. c4 d6 7. Nc3 c6 8. Rb1 a5 9. Qb3 h6 10. Be3 Na6 11. d5 Bd7 12. Rbd1 c5 13. Qc2 a4 14. Bd2 Qe8 15. Qc1 Kh7 16. Rfe1 a3 17. bxa3 Ba4 18. Nh4 Nc7 19. e4 fxe4 20. Nxe4 Qf7 21. Nxf6+ Bxf6 22. Nxg6 Kxg6 23. Bxh6 Kh7 24. Bxf8 Rxf8 25. Rd3 Kg8 26. Rf3 Qg6 27. Rf4 Be5 28. Rh4 Rf7 29. Be4 Qf6 30. Rf1 Rg7 31. Rh6 Qf7 32. f4 Bd4+ 33. Kg2 b5 34. Qd2 Qe8 35. Qa5 Qd7 36. Rh5 e6 37. dxe6 Qe8 38. Rh6 bxc4 39. f5 Bc6 40. Bxc6 Qxc6+ 41. Kh3 Qe8 42. Qe1 Nd5 43. f6 Nxf6 44. Rfxf6 Bxf6 45. Rxf6 Qe7 46. Rh6 c3 47. Qxc3 Rh7 48. Qe3 c4 49. Rh4 c3 50. Qxc3 Rxh4+ 51. gxh4 Qxe6+ 52. Kg3 Qg6+ 53. Kf2 Qf7+ 54. Kg1 Qf5 55. Kg2 d5 56. a4 Qe4+ 57. Qf3 1/2-1/2

[Event "BdF-Smaragd 06 email"]
[Site "GER email"]
[Date "2015.06.25"]
[Round "?"]
[White "Neuburger, Irene"]
[Black "Hugo, Thomas"]
[Result "1/2-1/2"]
[WhiteElo "1985"]
[BlackElo "2213"]
[PlyCount "79"]
[EventDate "2015.??.??"]
[EventType "tourn (corr)"]
[EventRounds "12"]
[EventCountry "GER"]
[SourceTitle "Corr 2017"]
[Source "ChessBase"]
[SourceDate "2017.09.19"]
[SourceVersion "1"]
[SourceVersionDate "2017.09.19"]
[SourceQuality "1"]

1. d4 f5 2. g3 Nf6 3. Bg2 g6 4. Nf3 Bg7 5. 0-0 0-0 6. c4 d6 7. Nc3 c6 8. d5 e5 9. dxe6 Bxe6 10. b3 Na6 11. Ng5 Bc8 12. Bb2 h6 13. Nf3 Qe7 14. Nh4 Kh7 15. Qc2 Nb4 16. Qd2 d5 17. a3 Na6 18. cxd5 Rd8 19. Rad1 cxd5 20. e3 Nc5 21. Qc2 Be6 22. Ne2 Rac8 23. Qb1 Nfe4 24. Bxg7 Qxg7 25. Nf3 Re8 26. Rc1 Bd7 27. Rfe1 Bb5 28. Nf4 g5 29. Nd4 gxf4 30. Nxb5 fxe3 31. fxe3 Ne6 32. Rxc8 Rxc8 33. Nxa7 Rc5 34. b4 Rc4 35. Nb5 Qd7 36. a4 Qe7 37. Rf1 Ng7 38. Bxe4 dxe4 39. Qa2 Rxb4 40. Nd4 1/2-1/2

[Event "BdF-Smaragd 06 email"]
[Site "GER email"]
[Date "2015.06.25"]
[Round "?"]
[White "Williamson, Dawn L"]
[Black "Hugo, Thomas"]
[Result "1/2-1/2"]
[WhiteElo "2174"]
[BlackElo "2213"]
[PlyCount "137"]
[EventDate "2015.??.??"]
[EventType "tourn (corr)"]
[EventRounds "12"]
[EventCountry "GER"]
[SourceTitle "Corr 2017"]
[Source "ChessBase"]
[SourceDate "2017.09.19"]
[SourceVersion "1"]
[SourceVersionDate "2017.09.19"]
[SourceQuality "1"]

1. d4 f5 2. g3 Nf6 3. Bg2 g6 4. Nf3 Bg7 5. 0-0 0-0 6. c4 d6 7. Nc3 c6 8. d5 e5 9. dxe6 Bxe6 10. b3 Na6 11. Bb2 Qe7 12. Ng5 Bd7 13. Qd2 h6 14. Nf3 Nc5 15. Rad1 Nce4 16. Qc2 Rfe8 17. Nxe4 fxe4 18. Nd4 Rad8 19. e3 Nh7 20. Rd2 Ng5 21. h4 Nf7 22. Ne2 Bxb2 23. Qxb2 Bg4 24. Qc2 g5 25. Nc3 Ne5 26. Nxe4 Nf3+ 27. Bxf3 Bxf3 28. Nc3 Qf6 29. b4 Rd7 30. Rd4 Rg7 31. Qd3 Qe5 32. Kh2 Re6 33. Rg1 b6 34. c5 d5 35. Qd2 gxh4 36. Rxh4 Rg4 37. Rxg4+ Bxg4 38. Kg2 Qh5 39. Kf1 Qh3+ 40. Ke1 Qh2 41. Rf1 Bh3 42. Ne2 Bxf1 43. Kxf1 Qh1+ 44. Ng1 Qe4 45. Ne2 Re5 46. b5 bxc5 47. bxc6 Qb1+ 48. Kg2 Qb6 49. Qc3 Re6 50. Nf4 Qxc6 51. f3 Re8 52. Qd3 c4 53. Qc3 Re7 54. Qd4 Rd7 55. Qe5 Rd6 56. Nh5 Kf7 57. Qg7+ Ke8 58. Qxa7 Qb6 59. Qa3 Kd7 60. Nf4 Qa6 61. Qc5 Qxa2+ 62. Kh3 Qa8 63. Qd4 Qc6 64. Ne2 Qb6 65. Qe5 Qd8 66. Qa1 Qf6 67. Qa7+ Ke8 68. Kg2 Qe7 69. Qd4 1/2-1/2